000 00695cam a22002533a 4500
001 27768
003 PGUSA
005 20140828083612.0
008 090111s2009||||xxu|||||s|||||000 1 eng d
040 _aPGUSA
_beng
042 _adc
050 4 _aPL
100 1 _aWu, Jianren,
_d1866-1910
245 1 0 _a瞎騙奇聞
_h[electronic resource] /
_cJianren Wu
260 _bProject Gutenberg,
_c2009
506 _aPublic domain in the USA.
516 _aElectronic text
653 _aChinese fiction -- Qing dynasty, 1644-1912
740 0 _a瞎骗奇闻
740 0 _aXia pian qi wen
830 0 _aProject Gutenberg
_v27768
856 4 0 _uhttp://www.gutenberg.org/ebooks/27768
942 _cEB
999 _c257023
_d257023